SOIL FERTILITY AND FERTILIZERS (Record no. 5373)

MARC details
000 -LEADER
fixed length control field 00395nam a22001697a 4500
005 - DATE AND TIME OF LATEST TRANSACTION
control field 20170401135157.0
008 - FIXED-LENGTH DATA ELEMENTS--GENERAL INFORMATION
fixed length control field 170401b xxu||||| |||| 00| 0 eng d
020 ## - INTERNATIONAL STANDARD BOOK NUMBER
ISBN 978-93-325-7034-4
041 ## - LANGUAGE CODE
Language code of text/sound track or separate title eng
100 ## - MAIN ENTRY--AUTHOR NAME
Personal name HAVLIN,JOHN,L
245 ## - TITLE STATEMENT
Title SOIL FERTILITY AND FERTILIZERS
250 ## - EDITION STATEMENT
Edition statement 8th
260 ## - PUBLICATION, DISTRIBUTION, ETC. (IMPRINT)
Name of publisher PERSON
Year of publication 2016
300 ## - PHYSICAL DESCRIPTION
Number of Pages 520
650 ## - SUBJECT ADDED ENTRY--TOPICAL TERM
Topical Term AGRICULTURE
942 ## - ADDED ENTRY ELEMENTS (KOHA)
Koha item type Books
Holdings
Lost status Damaged status Collection code Home library Current library Shelving location Date acquired Source of acquisition Cost, normal purchase price Accession Number Koha item type Full call number
    AGRICULTURE JRU Library JRU Library SHELF-45-F 30/04/2017 PURCHASE 699.00 21577 Books  
    AGRICULTURE JRU Library JRU Library SHELF-45-F 30/04/2017 PURCHASE 699.00 21578 Books  
    AGRICULTURE JRU Library JRU Library SHELF-45-F 30/04/2017 PURCHASE 699.00 21579 Books  
    Reference JRU Library JRU Library SHELF-2-E 30/04/2017 PURCHASE 699.00 21580 Books 631.4
    AGRICULTURE JRU Library JRU Library SHELF-45-F 30/04/2017 PURCHASE 699.00 21581 Books